The use of passwords for controlled access to computer resources / (Record no. 353)

MARC details
000 -LEADER
fixed length control field 00922cam a2200253 i 4500
001 - CONTROL NUMBER
control field 77005558
003 - CONTROL NUMBER IDENTIFIER
control field DLC
005 - DATE AND TIME OF LATEST TRANSACTION
control field 20200129130613.0
008 - FIXED-LENGTH DATA ELEMENTS--GENERAL INFORMATION
fixed length control field 770401s1977 dcu 00010 eng
010 ## - LIBRARY OF CONGRESS CONTROL NUMBER
LC control number 77005558
040 ## - CATALOGING SOURCE
Original cataloging agency DLC
Transcribing agency DLC
Modifying agency DLC
050 00 - LIBRARY OF CONGRESS CALL NUMBER
Classification number QC100
Item number .U57 no. 500-9
Classification number QA76.9.A25
082 00 - DEWEY DECIMAL CLASSIFICATION NUMBER
Classification number 602/.1 s
-- 001.6/4
086 0# - GOVERNMENT DOCUMENT CLASSIFICATION NUMBER
Classification number C13.10:500-9
100 10 - MAIN ENTRY--PERSONAL NAME
Personal name Wood, Helen M.
245 14 - TITLE STATEMENT
Title The use of passwords for controlled access to computer resources /
Statement of responsibility, etc. Helen M. Wood.
260 0# - PUBLICATION, DISTRIBUTION, ETC.
Place of publication, distribution, etc. [Washington] :
Name of publisher, distributor, etc. U.S. Dept. of Commerce, National Bureau of Standards : for sale by the Supt. of Docs., U.S. Govt. Print. Off.,
Date of publication, distribution, etc. 1977.
300 ## - PHYSICAL DESCRIPTION
Extent iv, 53 p. ;
Dimensions 26 cm.
440 #0 - SERIES STATEMENT/ADDED ENTRY--TITLE
Title Computer science & technology
490 1# - SERIES STATEMENT
Series statement NBS special publication ; 500-9
650 #0 - SUBJECT ADDED ENTRY--TOPICAL TERM
Topical term or geographic name entry element Computers
General subdivision Access control
-- Passwords.
810 1# - SERIES ADDED ENTRY--CORPORATE NAME
Corporate name or jurisdiction name as entry element United States.
Subordinate unit National Bureau of Standards.
Title of a work Special publication ;
Volume/sequential designation 500-9.
942 ## - ADDED ENTRY ELEMENTS (KOHA)
Koha item type Mixed Materials
Holdings
Withdrawn status Lost status Damaged status Not for loan Collection Home library Current library Shelving location Date acquired Barcode Date last seen Price effective from Koha item type
        Reference Fairview Fairview General stacks 09/04/2014 39999000015294 09/04/2014 09/04/2014 Books